Logo BPK

Biblioteka

Politechniki Koszalińskiej

Biblioteka Wydawnicza KPWiG [Dokument elektroniczny] / (Rekord nr 24069)

Szczegóły MARC
000 -ETYKIETA REKORDU
podpole kontrolne o stałej długości 00815nam a2200217 i 4500
001 - NUMER KONTROLNY REKORDU
pole kontrolne bg
040 ## - ŹRÓDŁO KATALOGOWANIA
Instytucja, która utworzyła rekord BPK
041 0# - KOD JĘZYKA
Kod języka tekstu pol
080 ## - UNIWERSALNA KLASYFIKACJA DZIESIĘTNA - UKD
UKD 336.76(083.8):017.1/.2(438)
008 - POLE O STAŁEJ DŁUGOŚCI - DANE KONTROLNE
podpole kontrolne o stałej długości s pl f |000 0 pol
245 10 - TYTUŁ/ODPOWIEDZIALNOŚĆ
Tytuł Biblioteka Wydawnicza KPWiG [Dokument elektroniczny] /
Pozostałe elementy strefy tytułu i oznaczenia odpowiedzialności Komisja Papierów Wartościowych i Giełd.
254 ## - STREFA POSTACI ZAPISU MUZYCZNEGO
Określenie postaci zapisu muzycznego Dane tekstowe
260 ## - STREFA ADRESU WYDAWNICZEGO
Miejsce wydania Warszawa :
Nazwa wydawcy/dystrybutora KPWiG,
Data publikacji, dystrybucji/powstania dokumentu 2005.
300 ## - STREFA OPISU FIZYCZNEGO
Objętość 1 dysk optyczny (CD-ROM) ;
Rozmiary 12 cm.
500 ## - UWAGI OGÓLNE
Tekst uwagi Tyt. z etykiety dysku.
500 ## - UWAGI OGÓLNE
Tekst uwagi Wymagania systemowe: IBM PC; Windows 98 lub nowsze; Internet Explorer; Acrobat Reader; czytnik CD-ROM.
610 29 - HASŁO PRZEDMIOTOWE W FORMIE NAZWY CIAŁA ZBIOROWEGO
Nazwa ciała zbiorowego lub nazwa geograficzna Biblioteka Wydawnicza Komisji Papierów Wartościowych i Giełd (Warszawa)
Określnik ogólny zbiory
655 ## - TERMIN INDEKSOWY - OKREŚLENIE RODZAJU/FORMY DOKUMENTU
Określenie rodzaju/formy dokumentu Katalogi
710 ## - HASŁO DODATKOWE - NAZWA CIAŁA ZBIOROWEGO
Nazwa ciała zbiorowego lub jednostki geograficznej Komisja Papierów Wartościowych i Giełd (Warszawa)
856 ## - LOKALIZACJA I DOSTĘP DO ELEKTRONICZNYCH DOKUMENTÓW ZDALNYCH
Link (URL) http://koha.tu.koszalin.pl/cgi-bin/koha/opac-detail.pl?biblionumber=24069
Tekst linku Katalog online BPK
942 ## - DODATKOWE ELEMENTY (KOHA)
Typ dokumentu Płyta CD
Egzemplarze
Wycofany Status egzemplarza Uszkodzony Dostępność Lokalizacja stała Lokalizacja bieżąca Miejsce przechowywania Sygnatura Kod kreskowy Dział Typ dokumentu
      Tylko na miejscu Biblioteka Politechniki Koszalińskiej Biblioteka Politechniki Koszalińskiej Czytelnia BG CD 1319 02205908 0/9(0.034.2) Dokumenty elektroniczne Płyta CD
      Tylko na miejscu Biblioteka Politechniki Koszalińskiej Biblioteka Politechniki Koszalińskiej Czytelnia Wydziałowa ul. Kwiatkowskiego 6e CD 1320 02205915   Płyta CD
© 2023 Biblioteka Politechniki Koszalińskiej :: KOHA